00535cam a22001813a 450000100060000000300060000600500170001200800410002904000150007004200070008510000390009224500720013126000290020350600300023251600200026283000290028285600420031137698PGUSA20140828083827.0130407s2013||||xxu|||||s|||||000 | eng d aPGUSAbeng adc1 aHill, Grace Livingston,d1865-194710aDawn of the Morningh[electronic resource] /cGrace Livingston Hill bProject Gutenberg,c2013 aPublic domain in the USA. aElectronic text 0aProject Gutenbergv3769840uhttp://www.gutenberg.org/ebooks/37698